Statistics for Famous Classical Music - Baroque Period

Click here to take the quiz!

General Stats

  • This quiz has been taken 55 times
  • The average score is 8 of 11

Answer Stats

HintAnswer% Correct
Widely used in pop songs and weddingsC{anon} in D Major
98%
The spooky organ music, first piece in Fantasia (1940)Toccata and F{ugue} in D Minor
98%
The collective name of his four most well-known string concertosThe Four Seasons
92%
HALLELUJAH! HALLELUJAH!Messiah
88%
From Orchestral Suite No. 3 in D Major
Rewritten for solo violin under the name "___ on the G string"
Air
86%
Shares the name with a current German state{Brandenburg} Concertos
84%
First in The Well-Tempered Clavier
Charles Gounod wrote "Ave Maria" for this piece
P{relude} No. 1 in C Major
70%
Related to Bach, but very often misattributed to Bach
Melody in "A Lover's Concerto"
M{inuet} in G Major
60%
Adapted by Benjamin Britten as the theme of The Young Person's Guide to the OrchestraR{ondo} from Abdelazer
46%
Also known as Trumpet Voluntary, famously played during Princess Diana's wedding
Hint: guess a country
Prince of {Denmark}'s March
34%
A popular Christmas carol attributed to Handel's "Antioch"Joy to the World
22%

Score Distribution

Percentile by Number Answered

Percent of People with Each Score

Your Score History

You have not taken this quiz